| 000 | 00446nam a2200181Ia 4500 | ||
|---|---|---|---|
| 001 | 7333 | ||
| 005 | 20260306160447.0 | ||
| 008 | 260306t2012||||xx |||||||||||||| ||spa|| | ||
| 041 | _aESP | ||
| 082 |
_a338.5 _bR24 |
||
| 100 |
_aRamos Valdés, Minerva Evangelina _eAUT |
||
| 245 | 0 |
_aMicroeconomía: _bejercicios prácticos |
|
| 260 | _c2012 | ||
| 300 |
_a182 páginas : _c25 cm. |
||
| 650 | _aGEN | ||
| 654 | _aCAN | ||
| 942 |
_cLIB _dJUS _fJUS _2ddc _n |
||
| 999 |
_c7333 _d7333 |
||